MARC

LEADER 00000nam0a2200000 4500
001 324311
005 20231102003645.0
035 |a (RuTPU)RU\TPU\book\349909 
090 |a 324311 
100 |a 20161112d1951 km y0rusy50 ca 
101 0 |a rus 
102 |a RU 
105 |a a z 000zy 
200 1 |a Основы теории погрешностей каскадных множительно-делительных схем  |f Московский энергетический институт (МЭИ) ; под ред. Г. М. Жданова 
210 |a Москва  |c Изд-во МЭИ  |d 1951 
215 |a 16 с.  |c ил. 
606 1 |a Множительно-делительные устройства аналоговые  |2 stltpush  |3 (RuTPU)RU\TPU\subj\44181  |9 63550 
610 1 |a счетно-решающие устройства 
610 1 |a электрические схемы 
610 1 |a реостатный каскад 
610 1 |a узлы 
610 1 |a алгебраические действия 
675 |a 681.335  |v 4 
702 1 |a Жданов  |b Г. М.  |4 340 
712 0 2 |a Московский энергетический институт (МЭИ)  |c (1930-1992)  |2 stltpush  |3 (RuTPU)RU\TPU\col\20092 
801 1 |a RU  |b 63413507  |c 20161112 
801 2 |a RU  |b 63413507  |c 20191226  |g RCR 
942 |c BK